000 01498cab a2200277 4500
001 ##L132567
008 060217n2006 000 0 eng u
035 _a(Sirsi) u132567
041 0 _aeng
100 1 _aFranklin, Kim
245 0 2 _aA snowball's life
260 _c2006
490 0 _aArchitects' Journal
_v223(4) 2 February 2006, 42(1)
520 _aLooks at the Technology and Construction Court's approach to contested applications to enforce adjudicator's decisions since the passing of the Housing Grants, Construction and Regeneration Act 1996. The reported cases show that the court is becoming increasingly reluctant to interfere with an adjudicator's decision, even where breach of natural justice is claimed.
590 _aIKA280206
600 2 4 _aa
_FASTRACK CONTRACTORS LTD V MORRISON CONSTRUCTION LTD
600 2 4 _aLONDON AND AMSTERDAM PROPERTIES LTD V WATERMAN PARTNERSHIP LTD
600 2 4 _aAMEC CIVIL ENGINEERING LTD V SoS TRANSPORT
650 2 4 _aHOUSING GRANTS, CONSTRUCTION AND REGENERATION ACT 1996
650 2 4 _aMACOB CIVIL ENGINEERING LTD V MORRISON CONSTRUCTION LTD
650 2 4 _aAUSTIN HALL BUILDING LTD V BUCKLAND SECURITIES LTD
650 2 4 _aCARILLION CONSTRUCTION LTD V DEVONPORT ROYAL DOCKYARD LTD
650 2 4 _aALL IN ONE BUILDING & REFURBISHMENTS LTD V MAKERS UK LTD
690 _aMANAGEMENT-DISPUTE AVOIDANCE, MANAGEMENT AND RESOLUTION-DISPUTE MANAGEMENT AND RESOLUTION-ALTERNATIVE DISPUTE RESOLUTION-ADJUDICATION-ADJUDICATION AWARDS
942 _n0
999 _c76497
_d76497